Dosímetros para diagnóstico radiológico / (Record no. 126121)

MARC details
000 -LEADER
campo de control de longitud fija 00637nam a2200205 4500
001 - NÚMERO DE CONTROL
campo de control 126121
003 - IDENTIFICADOR DE NÚMERO DE CONTROL
campo de control ES-MaACL
005 - FECHA Y HORA DE LA ÚLTIMA TRANSACCIÓN
campo de control 20230906192747.0
007 - CAMPO FIJO DE DESCRIPCIÓN FÍSICA--INFORMACIÓN GENERAL
campo de control de longitud fija t|
008 - DATOS DE LONGITUD FIJA--INFORMACIÓN GENERAL
campo de control de longitud fija 070214s1964 sp r ||||1| spa d
100 1# - ENTRADA PRINCIPAL--NOMBRE DE PERSONA
Nombre de persona Reinsma, K.
9 (RLIN) 96071
245 10 - MENCIÓN DEL TÍTULO
Título Dosímetros para diagnóstico radiológico /
Mención de responsabilidad, etc. por K. Reinsma ; [traducido por Luis Egas Trigo].
260 ## - PUBLICACIÓN, DISTRIBUCIÓN, ETC.
Lugar de publicación, distribución, etc. Madrid :
Nombre del editor, distribuidor, etc. Paraninfo,
Fecha de publicación, distribución, etc. 1964.
300 ## - DESCRIPCIÓN FÍSICA
Extensión 125 p. :
Otras características físicas il. ;
Dimensiones 22 cm.
490 1# - MENCIÓN DE SERIE
Mención de serie Biblioteca Técnica Philips
700 1# - ENTRADA AGREGADA--NOMBRE PERSONAL
Nombre de persona Egas Trigo, Luis.
9 (RLIN) 46696
830 0# - PUNTO DE ACCESO ADICIONAL DE SERIE-TÍTULO UNIFORME
Título uniforme Biblioteca Técnica Philips
9 (RLIN) 181540
852 ## - LOCALIZACIÓN
Ubicación ES-MaACL
Número de control de estantería C-25771
Sublocalización o colección R.54442
Holdings
Estatus retirado Estado de pérdida Estado de daño No para préstamo Biblioteca de origen Biblioteca actual Ubicación en estantería Fecha de adquisición Fuente de adquisición Total de préstamos Signatura topográfica completa Código de barras Visto por última vez Precio de reemplazo Tipo de ítem Koha
        Biblioteca del Ateneo de Madrid Biblioteca del Ateneo de Madrid Depósito 2 17/01/2008     C-25771 1131369 23/02/2023 23/02/2023 Libro impreso